Adaptive control : (Record no. 183989)
[ view plain ]
| 000 -LEADER | |
|---|---|
| fixed length control field | 01064 a2200229 4500 |
| 003 - CONTROL NUMBER IDENTIFIER | |
| control field | Nust |
| 005 - DATE AND TIME OF LATEST TRANSACTION | |
| control field | 20230103115953.0 |
| 010 ## - LIBRARY OF CONGRESS CONTROL NUMBER | |
| LC control number | 88028940 |
| 020 ## - INTERNATIONAL STANDARD BOOK NUMBER | |
| International Standard Book Number | 0130043672 |
| 040 ## - CATALOGING SOURCE | |
| Transcribing agency | Nust |
| 082 00 - DEWEY DECIMAL CLASSIFICATION NUMBER | |
| Classification number | 629.836,SAS |
| 100 1# - MAIN ENTRY--PERSONAL NAME | |
| Personal name | Sastry, Shankar. |
| 9 (RLIN) | 64588 |
| 245 10 - TITLE STATEMENT | |
| Title | Adaptive control : |
| Remainder of title | stability, convergence, and robustness / |
| Statement of responsibility, etc. | Shankar Sastry, Marc Bodson. |
| 260 ## - PUBLICATION, DISTRIBUTION, ETC. | |
| Place of publication, distribution, etc. | Englewood Cliffs, N.J. : |
| Name of publisher, distributor, etc. | Prentice Hall, |
| Date of publication, distribution, etc. | c1989. |
| 300 ## - PHYSICAL DESCRIPTION | |
| Extent | xvii, 377 p. : |
| Other physical details | ill. ; |
| Dimensions | 24 cm. |
| 440 #0 - SERIES STATEMENT/ADDED ENTRY--TITLE | |
| Title | Prentice Hall advanced reference series. |
| 9 (RLIN) | 106711 |
| 440 #0 - SERIES STATEMENT/ADDED ENTRY--TITLE | |
| Title | Prentice-Hall information and system sciences series |
| 9 (RLIN) | 81517 |
| 505 ## - FORMATTED CONTENTS NOTE | |
| Formatted contents note | Introduction (Page-1), Preliminaries (Page-17), Identification (Page-45), Adaptive Control (Page-99), Parameter Convergence using Averaging Techniques (Page-158),Robustness (Page-209), Advanced Topics in Identification and Adaptive Control (Page-257), Adaptive Control of a Class of Nonlinear Systems (Page-294), Conclusions (Page-324). |
| 650 #0 - SUBJECT ADDED ENTRY--TOPICAL TERM | |
| Topical term or geographic name entry element | Adaptive control systems. |
| 700 1# - ADDED ENTRY--PERSONAL NAME | |
| Personal name | Bodson, Marc. |
| 9 (RLIN) | 106712 |
| 942 ## - ADDED ENTRY ELEMENTS (KOHA) | |
| Source of classification or shelving scheme | |
| Koha item type | Book |
| Withdrawn status | Lost status | Source of classification or shelving scheme | Damaged status | Not for loan | Permanent Location | Current Location | Shelving location | Date acquired | Full call number | Barcode | Date last seen | Price effective from | Koha item type | Public note |
|---|---|---|---|---|---|---|---|---|---|---|---|---|---|---|
| Military College of Signals (MCS) | Military College of Signals (MCS) | General Stacks | 12/12/2016 | 629.836,SAS | MCS684 | 12/08/2016 | 12/12/2016 | Book | Almirah No.42, Shelf No.1 |
